01569cam a2200337 i 45000010009000000050017000090080041000260100017000670150019000840200018001030200015001210200027001360200015001630200018001780200018001960350024002140400044002380410008002821000019002902450051003092500022003602600050003823000018004325050274004505200368007245460022010926500040011146500024011546500040011786500013012181965083220191106104833.0191106t2017 stk b 001 0 eng d a 2016590074 aGBB7224732bnb z9780748675500 z0748675507 a9780748675517 (2a.Ed.) z0748675515 z9780748675524 z9780748675531 a(OCoLC)ocn976439223 aCO-BoUCMbspacSaul NiñodSaul Niño0 aeng1 aCarty, Anthony10aPhilosophy of international lawcAnthony Carty aSegunda edición aEdinburghbEdinburgh University Pressc[2017] a300 páginas0 aIntroduction : what place for doctrine in a time of fragmentation? -- Continuing uncertainty in the mainstream -- Towards a new theory of personality in international law -- The existence of states and the use of force -- International economic/finance law--a critique. aTracks the development of the foundations of the philosophies of international law, covering the natural, analytical, positivist, realist and postmodern legal traditions. You'll learn how these approaches were first conceived and how they shape the network of relationships between the signatories of international law --Source other than the Library of Congress. aTexto en inglés 7aDerecho internacional xFilosofía 7aDerecho y sociedad  7aDerecho internacional xFilosofía 7aDerecho